书目信息 |
| 题名: |
帮你挑户型
|
|
| 作者: | 李小宁 著 | |
| 分册: | 特殊户型卷 | |
| 出版信息: | 北京 中国电力出版社 2007.02 |
|
| 页数: | 247页 | |
| 开本: | 22cm | |
| 丛书名: | ||
| 单 册: | ||
| 中图分类: | TU241 | |
| 科图分类: | ||
| 主题词: | 住宅--zhu zhai--建筑设计 | |
| 电子资源: | ||
| ISBN: | 978-7-5083-5107-0 | |
| 000 | 00797nam0 2200229 450 | |
| 001 | 012007191234 | |
| 005 | 20070920161609.62 | |
| 010 | @a978-7-5083-5107-0@b精装@dCNY48.00 | |
| 100 | @a20070818d2007 km y0chiy0120 ea | |
| 101 | 0 | @achi |
| 102 | @aCN@b110000 | |
| 105 | @aa z 000yy | |
| 200 | 1 | @a帮你挑户型@Abang ni tiao hu xing@i特殊户型卷@f李小宁著@Fli xiao ning zhu |
| 210 | @a北京@c中国电力出版社@d2007.02 | |
| 215 | @a247页@c图@d22cm | |
| 330 | @a本书讲述了:从200平方米到700平方米的大户型以及各种特殊户型进行一图一文的分析,帮助购房人等读者了解各种户型的优缺点,提高户型辨别和设计能力。 | |
| 517 | 1 | @a特殊户型卷@Ate shu hu xing juan |
| 606 | 0 | @a住宅@Azhu zhai@x建筑设计 |
| 690 | @aTU241@v4 | |
| 701 | 0 | @a李小宁@Ali xiao ning@4著 |
| 801 | 0 | @aCN@c20070920 |
| 905 | @dTU241@eL294 | |
| 帮你挑户型.特殊户型卷/李小宁著.-北京:中国电力出版社,2007.02 |
| 247页:图;22cm |
| ISBN 978-7-5083-5107-0(精装):CNY48.00 |
| 本书讲述了:从200平方米到700平方米的大户型以及各种特殊户型进行一图一文的分析,帮助购房人等读者了解各种户型的优缺点,提高户型辨别和设计能力。 |
| ● |
| 相关链接 |
|
|
|
正题名:帮你挑户型
索取号:TU241/L294
 
预约/预借
| 序号 | 登录号 | 条形码 | 馆藏地/架位号 | 状态 | 备注 |
| 1 | 260239 | 202602399 | 建筑库101/101建筑库 58排5列1层/ [索取号:TU241/L294] | 在馆 | |
| 2 | 260240 | 202602406 | 建筑库101/101建筑库 58排5列1层/ [索取号:TU241/L294] | 在馆 | |
| 3 | 260241 | 202602415 | 建筑库101/ [索取号:TU241/L294] | 在馆 |